000
00430nam a2200133Ia 4500
008
100328s9999 xx 000 0 und d
082
_b
22309
100
_a
आपटे ह.ना.
245
_a
गड आला पण सिंह गेला
260
_b
रम्यकथा
630
_a
गड आला पण सिंह गेला
730
_a
गड आला पण सिंह गेला
942
_c
BOOK
999
_c
516213
_d
516210